[Event "25th Capablanca Memorial"]
[Site "Havana CUB"]
[Date "1990.??.??"]
[Round "1"]
[White "Gruenberg, Hans-Ulrich"]
[Black "Antunes, Antonio"]
[Result "1/2-1/2"]
[WhiteElo "2475"]
[BlackElo "2445"]
[EventDate "1990.??.??"]
[PlyCount "44"]

1.d4 d5 2.c4 e6 3.Nc3 c6 4.e3 f5 5.Bd3 Nf6 6.Qc2 Bd6 7.Nf3 Ne4 8.O-O Nd7 
9.Rb1 O-O 10.b4 a6 11.a4 g5 12.Ne1 Qe8 13.Nxe4 fxe4 14.Be2 Nf6 15.b5 axb5 
16.axb5 Bd7 17.bxc6 bxc6 18.Bd2 Qe7 19.Bc3 Be8 20.Qd2 Qc7 21.g3 Bh5 22.
Bxh5 Nxh5 1/2-1/2

[Event "25th Capablanca Memorial"]
[Site "Havana CUB"]
[Date "1990.??.??"]
[Round "1"]
[White "Vera Gonzalez, Reynaldo"]
[Black "Ruban, Vadim"]
[Result "1-0"]
[WhiteElo "2475"]
[BlackElo "2565"]
[EventDate "1990.??.??"]
[PlyCount "45"]

1.d4 Nf6 2.c4 e6 3.Nc3 Bb4 4.Qc2 c5 5.dxc5 O-O 6.Nf3 Na6 7.g3 Nxc5 8.Bg2 
Nce4 9.O-O Nxc3 10.bxc3 Be7 11.e4 Qc7 12.e5 Ne8 13.Bg5 d6 14.Rfe1 Bxg5 15.
Nxg5 g6 16.exd6 Nxd6 17.Rad1 Rb8 18.Qa4 h6 19.Qb4 hxg5 20.Rxd6 Bd7 21.Red1
Bc6 22.Qc5 Qe7 23.Rxc6 1-0

[Event "25th Capablanca Memorial"]
[Site "Havana CUB"]
[Date "1990.??.??"]
[Round "1"]
[White "Franco Ocampos, Zenon"]
[Black "Remon Gay, Adelquis"]
[Result "1/2-1/2"]
[WhiteElo "2475"]
[BlackElo "2375"]
[EventDate "1990.??.??"]
[PlyCount "120"]

1.Nf3 f5 2.c4 g6 3.Nc3 Nf6 4.d3 Bg7 5.e4 O-O 6.e5 Ng4 7.Bf4 d6 8.exd6 cxd6
9.Qd2 Nc6 10.Be2 Bd7 11.O-O Rc8 12.d4 e5 13.Bg5 Bf6 14.dxe5 dxe5 15.Bxf6 
Nxf6 16.Rad1 e4 17.Nd4 Ne5 18.b3 a6 19.f4 Nf7 20.Qe3 Qe7 21.Rd2 Rfd8 22.
Rfd1 Qc5 23.h3 h6 24.Nc2 Qxe3+ 25.Nxe3 Be6 26.Rxd8+ Rxd8 27.Rxd8+ Nxd8 28.
g4 Nc6 29.Kf2 Kf7 30.gxf5 gxf5 31.Nc2 Ke7 32.Ke3 a5 33.Nd4 Nd7 34.Na4 Nb4 
35.a3 Na6 36.Nc3 Ndc5 37.Ncb5 Bd7 38.Bd1 Nd3 39.Nc3 Be6 40.Ncb5 Bd7 41.Bh5
Ne1 42.Kf2 Nd3+ 43.Ke3 Ne1 44.Kf2 Nd3+ 45.Kg3 Nac5 46.Nc3 Be6 47.Bg6 Kf6 
48.Bh7 Nc1 49.Bxf5 Bxf5 50.Nd5+ Kg6 51.Ne7+ Kf6 52.Nd5+ Kg6 53.Ne7+ Kf6 
54.Nexf5 N1xb3 55.Nxb3 Nxb3 56.Nxh6 Nd4 57.Ng4+ Ke6 58.Ne3 b5 59.f5+ Ke5 
60.cxb5 Nxb5 1/2-1/2

[Event "25th Capablanca Memorial"]
[Site "Havana CUB"]
[Date "1990.??.??"]
[Round "1"]
[White "Gomez Abad, Antonio"]
[Black "Sariego Figueredo, Wilfredo"]
[Result "0-1"]
[WhiteElo "2390"]
[BlackElo "2405"]
[EventDate "1990.??.??"]
[PlyCount "66"]

1.d4 c5 2.d5 g6 3.e4 d6 4.f3 Bg7 5.c3 f5 6.Bg5 Nf6 7.Nd2 O-O 8.Qc2 e6 9.
dxe6 Bxe6 10.Bd3 Qe8 11.O-O-O fxe4 12.Nxe4 c4 13.Bf1 Nxe4 14.fxe4 b5 15.
Nf3 Nc6 16.Rxd6 b4 17.Be2 Rc8 18.Rhd1 b3 19.Qb1 Nb4 20.axb3 cxb3 21.Kd2 
Nc2 22.Bd3 h6 23.Bh4 g5 24.Bg3 g4 25.Ne1 Bf6 26.Nxc2 bxc2 27.Kxc2 Qa4+ 28.
Kd2 Bd7 29.Qa1 Rce8 30.b4 Bg5+ 31.Ke2 Rxe4+ 32.Bxe4 Bb5+ 33.Bd3 Qc2+ 0-1

[Event "25th Capablanca Memorial"]
[Site "Havana CUB"]
[Date "1990.??.??"]
[Round "1"]
[White "Rodriguez Cespedes, Amador"]
[Black "Herrera, Irisberto"]
[Result "1-0"]
[WhiteElo "2495"]
[BlackElo "2410"]
[EventDate "1990.??.??"]
[PlyCount "51"]

1.e4 c5 2.Nf3 d6 3.d4 cxd4 4.Nxd4 Nf6 5.Nc3 a6 6.Bg5 e6 7.f4 Be7 8.Qf3 h6 
9.Bh4 Qc7 10.O-O-O Nbd7 11.Be2 Rb8 12.Qg3 Rg8 13.Rhf1 Nc5 14.e5 dxe5 15.
fxe5 Nfe4 16.Nxe4 Nxe4 17.Qf4 Bxh4 18.Qxh4 Nc5 19.Nb5 axb5 20.Rxf7 Kxf7 
21.Bh5+ g6 22.Qf6+ Ke8 23.Bxg6+ Rxg6 24.Qh8+ Kf7 25.Rf1+ Ke7 26.Qf8+ 1-0

[Event "25th Capablanca Memorial"]
[Site "Havana CUB"]
[Date "1990.??.??"]
[Round "1"]
[White "Paneque, Pedro"]
[Black "Arencibia Rodriguez, Walter"]
[Result "0-1"]
[WhiteElo "2380"]
[BlackElo "2425"]
[EventDate "1990.??.??"]
[PlyCount "94"]

1.e4 e6 2.d4 d5 3.Nc3 Bb4 4.a3 Bxc3+ 5.bxc3 dxe4 6.Qg4 Nf6 7.Qxg7 Rg8 8.
Qh6 Rg6 9.Qd2 b6 10.Bb2 Ba6 11.c4 c5 12.O-O-O cxd4 13.Qxd4 Qxd4 14.Bxd4 
Nbd7 15.Kb2 Rc8 16.Kb3 e5 17.Ba1 Ng4 18.Nh3 Rgc6 19.Re1 Bxc4+ 20.Bxc4 Rxc4
21.Re2 Ngf6 22.Rd1 b5 23.Kb2 b4 24.axb4 Rxb4+ 25.Kc1 Nc5 26.Bc3 Rc4 27.Bb2
Nd3+ 28.Kb1 Nxb2 29.Kxb2 Rb8+ 30.Kc1 Ra4 31.Rd6 Ke7 32.Rc6 h6 33.Re1 Rg8 
34.Rc7+ Ke6 35.g3 Ng4 36.Kd2 Nxh2 37.Rb1 Rd8+ 38.Ke2 Rd7 39.Rc6+ Rd6 40.
Rc7 Rad4 41.Ra1 Rd2+ 42.Ke1 Nf3+ 43.Kf1 Rd1+ 44.Rxd1 Rxd1+ 45.Kg2 a5 46.g4
a4 47.c4 Rd7 0-1

[Event "25th Capablanca Memorial"]
[Site "Havana CUB"]
[Date "1990.??.??"]
[Round "2"]
[White "Arencibia Rodriguez, Walter"]
[Black "Borges Matos, Juan"]
[Result "1/2-1/2"]
[WhiteElo "2425"]
[BlackElo "2500"]
[EventDate "1990.??.??"]
[PlyCount "51"]

1.d4 d5 2.c4 dxc4 3.e3 Nf6 4.Bxc4 e6 5.Nf3 c5 6.O-O a6 7.a4 Nc6 8.Nc3 cxd4
9.exd4 Be7 10.Be3 O-O 11.Ne5 Nb4 12.Qf3 Nbd5 13.Rfd1 Rb8 14.Bg5 Nd7 15.
Bxe7 Nxe7 16.Ng4 Nb6 17.Qg3 Bd7 18.Bd3 Nbd5 19.Ra3 Rc8 20.Nxd5 Nxd5 21.
Bxh7+ Kxh7 22.Qh3+ Kg8 23.Nh6+ gxh6 24.Qxh6 Nf4 25.Rg3+ Ng6 26.Rxg6+ 
1/2-1/2

[Event "25th Capablanca Memorial"]
[Site "Havana CUB"]
[Date "1990.??.??"]
[Round "2"]
[White "Herrera, Irisberto"]
[Black "Paneque, Pedro"]
[Result "0-1"]
[WhiteElo "2410"]
[BlackElo "2380"]
[EventDate "1990.??.??"]
[PlyCount "74"]

1.e4 e6 2.d4 d5 3.Nc3 Bb4 4.e5 Ne7 5.a3 Bxc3+ 6.bxc3 c5 7.Qg4 Qc7 8.Qxg7 
Rg8 9.Qxh7 cxd4 10.Ne2 Nbc6 11.f4 Bd7 12.Qd3 dxc3 13.Nxc3 a6 14.Ne2 Rc8 
15.Rb1 Na7 16.Be3 Bb5 17.Qd2 Nac6 18.Rg1 Na5 19.Nd4 Bxf1 20.Kxf1 Nc4 21.
Qd3 Nc6 22.Nxc6 Qxc6 23.Bd4 Nxa3 24.Qxa3 Qxc2 25.Qb3 Qe4 26.Rd1 Qxf4+ 27.
Qf3 Qxh2 28.g4 Rh8 29.Rg2 Qh1+ 30.Bg1 Rh3 31.Qe2 Rcc3 32.Rd2 Rcf3+ 33.Ke1 
Re3 34.Kf2 Rxe2+ 35.Rxe2 Rc3 36.Bh2 Rc1 37.Ke3 Qf1 0-1

[Event "25th Capablanca Memorial"]
[Site "Havana CUB"]
[Date "1990.??.??"]
[Round "2"]
[White "Sariego Figueredo, Wilfredo"]
[Black "Rodriguez Cespedes, Amador"]
[Result "1/2-1/2"]
[WhiteElo "2405"]
[BlackElo "2495"]
[EventDate "1990.??.??"]
[PlyCount "25"]

1.e4 e5 2.Nf3 Nc6 3.Bc4 Bc5 4.c3 Nf6 5.d3 a6 6.O-O Ba7 7.Bb3 O-O 8.h3 d6 
9.Re1 Ne7 10.Nbd2 Ng6 11.Nf1 Nh5 12.Bg5 Qe8 13.Be3 1/2-1/2

[Event "25th Capablanca Memorial"]
[Site "Havana CUB"]
[Date "1990.??.??"]
[Round "2"]
[White "Remon Gay, Adelquis"]
[Black "Gomez Abad, Antonio"]
[Result "1/2-1/2"]
[WhiteElo "2375"]
[BlackElo "2390"]
[EventDate "1990.??.??"]
[PlyCount "38"]

1.Nf3 c5 2.g3 Nc6 3.Bg2 e6 4.b3 d5 5.O-O Nf6 6.c4 Be7 7.cxd5 Nxd5 8.Bb2 
O-O 9.Na3 b6 10.Nc4 Bb7 11.d4 cxd4 12.Nxd4 Rc8 13.Nxc6 Bxc6 14.e4 Nf6 15.
Qe2 Bb5 16.Rac1 Bxc4 17.Rxc4 Rxc4 18.Qxc4 Qd2 19.Bc3 Qc2 1/2-1/2

[Event "25th Capablanca Memorial"]
[Site "Havana CUB"]
[Date "1990.??.??"]
[Round "2"]
[White "Ruban, Vadim"]
[Black "Franco Ocampos, Zenon"]
[Result "1/2-1/2"]
[WhiteElo "2565"]
[BlackElo "2475"]
[EventDate "1990.??.??"]
[PlyCount "84"]

1.d4 d6 2.e4 Nf6 3.Nc3 g6 4.f4 Bg7 5.Nf3 O-O 6.Be2 c5 7.dxc5 Qa5 8.O-O 
Qxc5+ 9.Kh1 Nc6 10.Bd3 Bg4 11.Qe1 Rac8 12.Be3 Qa5 13.Nd2 Bd7 14.Nb3 Qd8 
15.Qh4 a6 16.Rae1 b5 17.Bd2 b4 18.Nd5 a5 19.Ne3 e6 20.Qf2 a4 21.Nc1 Qb6 
22.Ne2 Rfd8 23.Qh4 Rf8 24.Rf3 Qd8 25.Rh3 Nh5 26.Qf2 f5 27.exf5 exf5 28.Nd5
Nf6 29.Nxf6+ Qxf6 30.c3 Rfe8 31.Ba6 Rb8 32.Rd1 Be6 33.Nc1 Bd5 34.Nd3 a3 
35.c4 Be4 36.b3 Qd4 37.Bb5 Bxd3 38.Qxd4 Nxd4 39.Rxd3 Nxb5 40.cxb5 Rxb5 41.
Rxd6 Bf8 42.Rd7 Rc8 1/2-1/2

[Event "25th Capablanca Memorial"]
[Site "Havana CUB"]
[Date "1990.??.??"]
[Round "2"]
[White "Gruenberg, Hans-Ulrich"]
[Black "Vera Gonzalez, Reynaldo"]
[Result "1/2-1/2"]
[WhiteElo "2475"]
[BlackElo "2475"]
[EventDate "1990.??.??"]
[PlyCount "85"]

1.d4 Nf6 2.c4 e6 3.Nf3 c5 4.d5 d6 5.Nc3 exd5 6.cxd5 g6 7.e4 Bg7 8.h3 O-O 
9.Bd3 b5 10.Bxb5 Nxe4 11.Nxe4 Qa5+ 12.Nfd2 Qxb5 13.Nxd6 Qd3 14.N2c4 Qxd1+ 
15.Kxd1 Ba6 16.Kc2 Nd7 17.Rd1 Rfd8 18.Bg5 Nf6 19.Rd2 Bxc4 20.Nxc4 Rxd5 21.
Bxf6 Rxd2+ 22.Kxd2 Bxf6 23.Re1 h5 24.Re4 Rb8 25.b3 Kg7 26.Ke2 Rd8 27.g4 
hxg4 28.hxg4 a6 29.Re3 Rb8 30.Kf3 Rd8 31.Ke2 Rh8 32.Kf3 Rd8 33.Re2 Rd3+ 
34.Kg2 Rc3 35.Nd6 Bd4 36.f3 Rc1 37.f4 Rg1+ 38.Kf3 Rf1+ 39.Ke4 f6 40.Nc4 
Rg1 41.Kf3 Rf1+ 42.Kg3 Rg1+ 43.Kf3 1/2-1/2

[Event "25th Capablanca Memorial"]
[Site "Havana CUB"]
[Date "1990.??.??"]
[Round "3"]
[White "Vera Gonzalez, Reynaldo"]
[Black "Antunes, Antonio"]
[Result "1-0"]
[WhiteElo "2475"]
[BlackElo "2445"]
[EventDate "1990.??.??"]
[PlyCount "71"]

1.d4 d5 2.c4 e6 3.Nf3 Nf6 4.g3 dxc4 5.Qa4+ Nbd7 6.Bg2 a6 7.Nc3 Be7 8.Bf4 
Nd5 9.Qxc4 Nxf4 10.gxf4 O-O 11.O-O Nb6 12.Qb3 Nd5 13.e3 c6 14.Rac1 Kh8 15.
Rfd1 f6 16.Na4 Bd6 17.Nd2 Bc7 18.Nc5 Qe8 19.Nf3 Rb8 20.Qd3 Qh5 21.Rd2 e5 
22.dxe5 Bg4 23.Ne4 Bxf3 24.Ng3 Qg4 25.h3 Qh4 26.Bxf3 fxe5 27.Bxd5 exf4 28.
Nf1 fxe3 29.fxe3 Rbd8 30.Qe4 Qxh3 31.Be6 Rxf1+ 32.Rxf1 Qg3+ 33.Kh1 Re8 34.
Rg2 Qd6 35.Qg4 Qe7 36.Rf7 1-0

[Event "25th Capablanca Memorial"]
[Site "Havana CUB"]
[Date "1990.??.??"]
[Round "3"]
[White "Franco Ocampos, Zenon"]
[Black "Gruenberg, Hans-Ulrich"]
[Result "1/2-1/2"]
[WhiteElo "2475"]
[BlackElo "2475"]
[EventDate "1990.??.??"]
[PlyCount "33"]

1.d4 Nf6 2.c4 e6 3.Nf3 d5 4.e3 c5 5.cxd5 Nxd5 6.Nc3 Nc6 7.Bd3 cxd4 8.exd4 
Be7 9.O-O O-O 10.Re1 Bf6 11.Be4 Nce7 12.Bg5 Bxg5 13.Nxg5 Nf6 14.Qc2 h6 15.
Nf3 Nxe4 16.Qxe4 Bd7 17.Ne5 1/2-1/2

[Event "25th Capablanca Memorial"]
[Site "Havana CUB"]
[Date "1990.??.??"]
[Round "3"]
[White "Gomez Abad, Antonio"]
[Black "Ruban, Vadim"]
[Result "0-1"]
[WhiteElo "2390"]
[BlackElo "2565"]
[EventDate "1990.??.??"]
[PlyCount "84"]

1.d4 Nf6 2.c4 e6 3.Nc3 Bb4 4.Bd2 c5 5.dxc5 O-O 6.e3 Bxc5 7.Nf3 d5 8.Rc1 a6
9.Qc2 Ba7 10.Be2 Nc6 11.O-O dxc4 12.Bxc4 b5 13.Be2 Bb7 14.Rfd1 Qe7 15.Ng5 
Rac8 16.Qb1 Ne5 17.Be1 Ba8 18.Nf3 Nxf3+ 19.Bxf3 Bxf3 20.gxf3 Rc4 21.Ne2 
Rh4 22.Rc6 Nd5 23.Qd3 Rh6 24.Ng3 Qh4 25.Rxa6 Qxh2+ 26.Kf1 Qh3+ 27.Ke2 Bxe3
28.fxe3 Qg2+ 29.Bf2 Rh2 30.Rf1 Qxg3 31.Ra5 Qe5 32.Qd4 Qxd4 33.exd4 b4 34.
Kd3 h5 35.a3 bxa3 36.bxa3 h4 37.a4 h3 38.Rb5 Rg2 39.Rbb1 Rc8 40.Be1 Rcc2 
41.f4 h2 42.a5 Rg1 0-1

[Event "25th Capablanca Memorial"]
[Site "Havana CUB"]
[Date "1990.??.??"]
[Round "3"]
[White "Rodriguez Cespedes, Amador"]
[Black "Remon Gay, Adelquis"]
[Result "1/2-1/2"]
[WhiteElo "2495"]
[BlackElo "2375"]
[EventDate "1990.??.??"]
[PlyCount "123"]

1.e4 c5 2.Nf3 Nc6 3.d4 cxd4 4.Nxd4 e5 5.Nb5 d6 6.c4 Be7 7.N1c3 a6 8.Na3 
Be6 9.Be2 Bg5 10.Bxg5 Qxg5 11.O-O Rd8 12.Nc2 Nf6 13.Qd3 h5 14.Nd5 h4 15.
Bf3 Bxd5 16.cxd5 Ne7 17.Qe3 Qg6 18.Rac1 O-O 19.Na3 b5 20.Nb1 Rc8 21.Nd2 
Nh7 22.h3 f5 23.exf5 Nxf5 24.Qd3 Nf6 25.Rc6 Qg5 26.Ne4 Nxe4 27.Bxe4 Nd4 
28.f4 Qh6 29.Rc3 b4 30.Rxc8 Rxc8 31.Qxa6 Rf8 32.Kh2 exf4 33.Qd3 Qf6 34.Rd1
Nf5 35.Bxf5 Qxf5 36.Qxf5 Rxf5 37.Rd4 b3 38.a4 f3 39.gxf3 Rxf3 40.Kg2 Rg3+ 
41.Kh2 Re3 42.Rd2 Re4 43.a5 Ra4 44.Rd3 Rxa5 45.Kg2 Kf7 46.Kf3 Kf6 47.Ke4 
Ra4+ 48.Kf3 Rb4 49.Re3 Kf5 50.Re7 g6 51.Ke3 Rc4 52.Rb7 Rc2 53.Rxb3 Ke5 54.
Kf3 g5 55.Rb8 Rh2 56.Kg4 Rg2+ 57.Kh5 Kxd5 58.Rb5+ Ke4 59.Rxg5 Rxg5+ 60.
Kxg5 d5 61.b4 Kd4 62.Kxh4 1/2-1/2

[Event "25th Capablanca Memorial"]
[Site "Havana CUB"]
[Date "1990.??.??"]
[Round "3"]
[White "Paneque, Pedro"]
[Black "Sariego Figueredo, Wilfredo"]
[Result "1/2-1/2"]
[WhiteElo "2380"]
[BlackElo "2405"]
[EventDate "1990.??.??"]
[PlyCount "120"]

1.c4 e5 2.g3 Nc6 3.Bg2 g6 4.e3 Bg7 5.Ne2 Nge7 6.Nbc3 O-O 7.O-O d6 8.b3 Be6
9.Ba3 Qd7 10.Nd5 Rab8 11.Rc1 a6 12.d3 b5 13.Qd2 Rfc8 14.Rfd1 Nd8 15.d4 
bxc4 16.bxc4 Bxd5 17.cxd5 Qa4 18.Qd3 Rb5 19.Rc4 Qa5 20.Rdc1 Nb7 21.e4 f5 
22.dxe5 Bxe5 23.Nd4 fxe4 24.Bxe4 Nc5 25.Qe3 Bxd4 26.Rxd4 Nxe4 27.Qxe4 Qxa3
28.Qe6+ Kh8 29.Rf1 Qc3 30.Qf6+ Kg8 31.Qxe7 Qxd4 32.Qe6+ Kg7 33.Qd7+ Kh6 
34.Qxc8 Qxd5 35.Qf8+ Kh5 36.h3 Qe6 37.Qg7 h6 38.Qxc7 Qxh3 39.Qxd6 Qf5 40.
Qxa6 Re5 41.Kg2 Qe4+ 42.Kg1 Qf3 43.a4 Rf5 44.Qd6 g5 45.Qd1 Kg4 46.Qxf3+ 
Kxf3 47.Ra1 Ra5 48.Kf1 h5 49.Ra3+ Kg4 50.Kg2 Kf5 51.Kf3 Ke5 52.Ra1 Kf6 53.
Ke4 Ke6 54.Kd4 Kf5 55.Kc4 Kg4 56.Kb4 Rf5 57.Ra2 h4 58.gxh4 gxh4 59.a5 h3 
60.a6 h2 1/2-1/2

[Event "25th Capablanca Memorial"]
[Site "Havana CUB"]
[Date "1990.??.??"]
[Round "4"]
[White "Antunes, Antonio"]
[Black "Arencibia Rodriguez, Walter"]
[Result "1/2-1/2"]
[WhiteElo "2445"]
[BlackElo "2425"]
[EventDate "1990.??.??"]
[PlyCount "121"]

1.e4 e6 2.d4 d5 3.Nd2 Nf6 4.e5 Nfd7 5.c3 c5 6.Bd3 Nc6 7.Ne2 cxd4 8.cxd4 
Qb6 9.Nf3 f6 10.exf6 Nxf6 11.O-O Bd6 12.Nc3 O-O 13.Be3 Bd7 14.a3 Be8 15.
Ng5 Nd8 16.Qc2 h6 17.Nh7 Nxh7 18.Bxh7+ Kh8 19.Bd3 Nc6 20.Qd2 Rf6 21.Rae1 
Bg6 22.Bxg6 Rxg6 23.Ne2 Rf8 24.Qd3 Rgf6 25.b4 Qc7 26.h3 Qf7 27.Bd2 Rxf2 
28.Nf4 Rxf1+ 29.Rxf1 Bxf4 30.Rxf4 Qe8 31.Rh4 Rf6 32.b5 Ne7 33.Bb4 Nf5 34.
Rf4 Qc8 35.Bc5 b6 36.Bb4 Qc1+ 37.Rf1 Qb2 38.Rd1 Nh4 39.Qd2 Qxd2 40.Rxd2 
Nf5 41.Rd3 Rf7 42.a4 h5 43.g3 Kg8 44.Kg2 Rc7 45.g4 hxg4 46.hxg4 Nh6 47.Kg3
Rc4 48.Ba3 Rxa4 49.Kh4 Kf7 50.Kh5 Ng8 51.g5 g6+ 52.Kg4 Ne7 53.Kf4 Nf5 54.
Ke5 Nxd4 55.Rxd4 Rxa3 56.Rh4 Re3+ 57.Kd6 Kg8 58.Ra4 d4 59.Rxa7 Rf3 60.Kxe6
Rf5 61.Ra8+ 1/2-1/2

[Event "25th Capablanca Memorial"]
[Site "Havana CUB"]
[Date "1990.??.??"]
[Round "4"]
[White "Herrera, Irisberto"]
[Black "Granda Zuniga, Julio"]
[Result "1/2-1/2"]
[WhiteElo "2410"]
[BlackElo "2510"]
[EventDate "1990.??.??"]
[PlyCount "29"]

1.e4 e5 2.Nf3 Nc6 3.Bb5 a6 4.Ba4 Nf6 5.O-O Be7 6.Re1 b5 7.Bb3 O-O 8.a4 Bb7
9.d3 Re8 10.Nc3 Bb4 11.Bd2 Nd4 12.Nxd4 exd4 13.Nd5 Bxd5 14.Bxd5 Nxd5 15.
exd5 1/2-1/2

[Event "25th Capablanca Memorial"]
[Site "Havana CUB"]
[Date "1990.??.??"]
[Round "4"]
[White "Sariego Figueredo, Wilfredo"]
[Black "Borges Matos, Juan"]
[Result "0-1"]
[WhiteElo "2405"]
[BlackElo "2500"]
[EventDate "1990.??.??"]
[PlyCount "68"]

1.e4 e6 2.d4 d5 3.Nc3 Nf6 4.Bg5 Be7 5.e5 Ng8 6.Be3 b6 7.Qg4 Bf8 8.h4 Ba6 
9.Nge2 Qd7 10.h5 Nc6 11.f4 f5 12.exf6 Nxf6 13.Qf3 Bb4 14.a3 Bxe2 15.Bxe2 
Bxc3+ 16.bxc3 Ne4 17.c4 O-O 18.Bd3 Na5 19.O-O Qc6 20.cxd5 exd5 21.Qg4 Rae8
22.Rae1 Nc4 23.Bxc4 Qxc4 24.h6 Rf7 25.f5 Qxc2 26.f6 g6 27.Rf5 Qc3 28.Re2 
Qc6 29.Re5 Nxf6 30.Rxe8+ Qxe8 31.Bg5 Ne4 32.Rc2 Qd7 33.Qh4 Qa4 34.Qg4 
Qxd4+ 0-1

[Event "25th Capablanca Memorial"]
[Site "Havana CUB"]
[Date "1990.??.??"]
[Round "4"]
[White "Remon Gay, Adelquis"]
[Black "Paneque, Pedro"]
[Result "1-0"]
[WhiteElo "2375"]
[BlackElo "2380"]
[EventDate "1990.??.??"]
[PlyCount "101"]

1.d4 Nf6 2.Nf3 g6 3.Bg5 Bg7 4.Nbd2 c5 5.e3 d6 6.Be2 O-O 7.O-O Nc6 8.c3 Bf5
9.Re1 e5 10.dxe5 dxe5 11.e4 Be6 12.Bc4 Qe7 13.Bd5 Bd7 14.Nc4 h6 15.Bh4 
Rad8 16.Qc2 Be6 17.Ncxe5 Nxe5 18.Nxe5 g5 19.Bxe6 gxh4 20.Bxf7+ Rxf7 21.
Nxf7 Qxf7 22.e5 Ng4 23.e6 Qc7 24.g3 Ne5 25.Qe4 Qc6 26.Qxc6 bxc6 27.Rad1 
Re8 28.Kg2 c4 29.f4 Nd3 30.Re2 Kf8 31.Rdd2 Rb8 32.Kf3 h5 33.Ke4 Rb5 34.b3 
Nc5+ 35.Kf3 Ke7 36.bxc4 Rb1 37.Rb2 Rc1 38.Rb8 Rxc3+ 39.Kg2 Rxc4 40.Rc8 Na6
41.Rg8 Bd4 42.Rg6 Nc7 43.Rh6 Ne8 44.Rxh5 hxg3 45.hxg3 Rb4 46.Rh7+ Bg7 47.
Kf3 Rb1 48.Rh5 Bd4 49.Rh7+ Bg7 50.Rd2 Rb7 51.f5 1-0

[Event "25th Capablanca Memorial"]
[Site "Havana CUB"]
[Date "1990.??.??"]
[Round "4"]
[White "Ruban, Vadim"]
[Black "Rodriguez Cespedes, Amador"]
[Result "1/2-1/2"]
[WhiteElo "2565"]
[BlackElo "2495"]
[EventDate "1990.??.??"]
[PlyCount "84"]

1.d4 Nf6 2.c4 e6 3.Nf3 b6 4.g3 Ba6 5.b3 d5 6.cxd5 exd5 7.Bg2 Bb4+ 8.Bd2 
Bxd2+ 9.Qxd2 O-O 10.Nc3 Re8 11.O-O Nbd7 12.Qb2 c5 13.Rfd1 Rc8 14.dxc5 bxc5
15.e3 Bb7 16.Ne1 Nb6 17.Nd3 Qe7 18.Nf4 Red8 19.Qa3 Bc6 20.Rac1 Rc7 21.Nd3 
Bd7 22.Rd2 h6 23.h3 Be8 24.Nf4 d4 25.exd4 cxd4 26.Qxe7 Rxe7 27.Rcd1 g5 28.
Nfe2 dxc3 29.Rxd8 Rxe2 30.Rc1 Rxa2 31.Bc6 Rd2 32.Rb8 c2 33.Kg2 Re2 34.Bxe8
Nxe8 35.Kf1 Re7 36.Rxc2 Kg7 37.Re2 Rxe2 38.Kxe2 Nd6 39.Kd3 Nb5 40.Re8 Kf6 
41.Rh8 Kg7 42.Re8 Kf6 1/2-1/2

[Event "25th Capablanca Memorial"]
[Site "Havana CUB"]
[Date "1990.??.??"]
[Round "4"]
[White "Gruenberg, Hans-Ulrich"]
[Black "Gomez Abad, Antonio"]
[Result "1-0"]
[WhiteElo "2475"]
[BlackElo "2390"]
[EventDate "1990.??.??"]
[PlyCount "55"]

1.d4 d5 2.c4 e6 3.Nc3 Nf6 4.Bg5 Be7 5.e3 O-O 6.Rc1 Nbd7 7.Nf3 dxc4 8.Bxc4 
c5 9.O-O Nb6 10.Bb3 cxd4 11.Nxd4 Nbd5 12.Nxd5 Nxd5 13.Bxe7 Nxe7 14.Qf3 Qa5
15.Rfe1 Ng6 16.Qe4 Kh8 17.Nf3 Rb8 18.Red1 h6 19.h3 Re8 20.Rd6 Kg8 21.Qd4 
Ne7 22.Qe5 Qxe5 23.Nxe5 Kf8 24.Rc7 b6 25.Rxa7 b5 26.f3 Ng6 27.Nxg6+ fxg6 
28.Bc2 1-0

[Event "25th Capablanca Memorial"]
[Site "Havana CUB"]
[Date "1990.??.??"]
[Round "4"]
[White "Vera Gonzalez, Reynaldo"]
[Black "Franco Ocampos, Zenon"]
[Result "1/2-1/2"]
[WhiteElo "2475"]
[BlackElo "2475"]
[EventDate "1990.??.??"]
[PlyCount "27"]

1.Nf3 c5 2.e4 d6 3.Bb5+ Bd7 4.Bxd7+ Qxd7 5.O-O Nc6 6.c3 Nf6 7.Re1 e6 8.d4 
cxd4 9.cxd4 d5 10.e5 Ne4 11.Nbd2 Nxd2 12.Bxd2 Be7 13.Rc1 O-O 14.Bg5 
1/2-1/2

[Event "25th Capablanca Memorial"]
[Site "Havana CUB"]
[Date "1990.??.??"]
[Round "5"]
[White "Franco Ocampos, Zenon"]
[Black "Antunes, Antonio"]
[Result "1-0"]
[WhiteElo "2475"]
[BlackElo "2445"]
[EventDate "1990.??.??"]
[PlyCount "157"]

1.Nf3 d5 2.c4 e6 3.d4 Nf6 4.e3 c5 5.cxd5 Nxd5 6.Nc3 cxd4 7.exd4 Be7 8.Bd3 
O-O 9.O-O Nc6 10.Re1 Bf6 11.Be4 Nce7 12.Qd3 g6 13.Bh6 Bg7 14.Qd2 Nf6 15.
Bc2 b6 16.Rad1 Bb7 17.Ne5 Ned5 18.Bb3 Rc8 19.Bg5 Qd6 20.Nb5 Qb8 21.Bxd5 
Nxd5 22.Nd7 Qa8 23.Nxf8 Bxf8 24.Bh6 Bb4 25.Nc3 Nxc3 26.bxc3 Rxc3 27.Qf4 
Bd5 28.Rc1 Rxc1 29.Rxc1 Bf8 30.Bxf8 Qxf8 31.Rc7 a5 32.a4 h6 33.h3 g5 34.
Qf6 Qg7 35.Rc8+ Kh7 36.Qxg7+ Kxg7 37.Rb8 Bb3 38.Rxb6 Bxa4 39.Ra6 Bb3 40.
Rxa5 Bd5 41.g3 Kg6 42.Kf1 Bf3 43.Ra3 Bd5 44.f3 Kf5 45.Kf2 Kg6 46.Ke3 Kf5 
47.Ra7 Kg6 48.Rc7 Ba8 49.Rc2 Bd5 50.Rf2 Ba8 51.Kd3 Bd5 52.Kc3 Kf5 53.Kd3 
Kg6 54.Ke3 Ba8 55.Rh2 Bd5 56.Rh1 Ba8 57.Rh2 Bd5 58.h4 Ba8 59.h5+ Kg7 60.
Rc2 Bd5 61.Rc7 Kf8 62.f4 gxf4+ 63.Kxf4 Bb3 64.g4 Bd1 65.Rc8+ Kg7 66.Rc1 
Be2 67.Re1 Bc4 68.Ke5 Bd3 69.Re3 Bc2 70.Kd6 Kf8 71.Re1 Bd3 72.Rg1 Be2 73.
g5 Kg7 74.gxh6+ Kxh6 75.Ke7 f5 76.Kxe6 f4 77.Ke5 f3 78.Rg6+ Kxh5 79.Rf6 
1-0

[Event "25th Capablanca Memorial"]
[Site "Havana CUB"]
[Date "1990.??.??"]
[Round "5"]
[White "Gomez Abad, Antonio"]
[Black "Vera Gonzalez, Reynaldo"]
[Result "1/2-1/2"]
[WhiteElo "2390"]
[BlackElo "2475"]
[EventDate "1990.??.??"]
[PlyCount "30"]

1.d4 Nf6 2.c4 c5 3.d5 e6 4.Nc3 exd5 5.cxd5 d6 6.e4 g6 7.f3 Bg7 8.Bg5 O-O 
9.Qd2 Nbd7 10.Nh3 a6 11.a4 Rb8 12.Bc4 Ne5 13.Be2 c4 14.Be3 Ned7 15.Ba7 Ra8
1/2-1/2

[Event "25th Capablanca Memorial"]
[Site "Havana CUB"]
[Date "1990.??.??"]
[Round "5"]
[White "Rodriguez Cespedes, Amador"]
[Black "Gruenberg, Hans-Ulrich"]
[Result "1/2-1/2"]
[WhiteElo "2495"]
[BlackElo "2475"]
[EventDate "1990.??.??"]
[PlyCount "40"]

1.e4 c5 2.Nf3 d6 3.d4 cxd4 4.Nxd4 Nf6 5.Nc3 e6 6.f4 a6 7.Be2 Be7 8.O-O O-O
9.Bf3 Qc7 10.Be3 Nc6 11.Nxc6 bxc6 12.Na4 Bb7 13.c4 c5 14.Nc3 Rad8 15.Qc2 
Nd7 16.Rad1 Nb8 17.Qd2 Nc6 18.Kh1 Ba8 19.b3 Qa5 20.Na4 e5 1/2-1/2

[Event "25th Capablanca Memorial"]
[Site "Havana CUB"]
[Date "1990.??.??"]
[Round "5"]
[White "Paneque, Pedro"]
[Black "Ruban, Vadim"]
[Result "0-1"]
[WhiteElo "2380"]
[BlackElo "2565"]
[EventDate "1990.??.??"]
[PlyCount "42"]

1.e4 c5 2.Nf3 d6 3.d4 cxd4 4.Nxd4 Nf6 5.Nc3 Nc6 6.Be3 Ng4 7.Bb5 Nxe3 8.
fxe3 Bd7 9.O-O e6 10.Qf3 Ne5 11.Qg3 Bxb5 12.Ndxb5 a6 13.Nd4 g6 14.Nce2 Bg7
15.h4 h5 16.c4 O-O 17.b3 Bf6 18.Rad1 Bxh4 19.Qh3 Qe7 20.Nf3 Bf6 21.Nf4 b5 
0-1

[Event "25th Capablanca Memorial"]
[Site "Havana CUB"]
[Date "1990.??.??"]
[Round "6"]
[White "Antunes, Antonio"]
[Black "Herrera, Irisberto"]
[Result "1-0"]
[WhiteElo "2445"]
[BlackElo "2410"]
[EventDate "1990.??.??"]
[PlyCount "93"]

1.e4 c5 2.Nf3 d6 3.d4 cxd4 4.Qxd4 Nc6 5.Bb5 Bd7 6.Bxc6 Bxc6 7.Nc3 Nf6 8.
Bg5 e6 9.O-O-O Be7 10.Rhe1 O-O 11.e5 dxe5 12.Qh4 Qc7 13.Nxe5 Rfe8 14.Qc4 
Rac8 15.Nxc6 Qxc6 16.Qxc6 Rxc6 17.Ne4 Nxe4 18.Bxe7 Nxf2 19.Rd7 Rec8 20.Re2
R6c7 21.Red2 h6 22.Rxc7 Rxc7 23.Rd8+ Kh7 24.Bd6 Rc4 25.Bb8 Re4 26.Kd2 Rg4 
27.Ke3 Ne4 28.Bxa7 Nf6 29.g3 Ra4 30.Bd4 Rxa2 31.c4 Kg6 32.h3 Ra1 33.Rb8 
Re1+ 34.Kf3 Rd1 35.Bxf6 Kxf6 36.Rxb7 Rd3+ 37.Ke4 Rxg3 38.c5 Rg1 39.c6 Rc1 
40.c7 g5 41.b4 Kg6 42.b5 f5+ 43.Ke5 f4 44.b6 f3 45.Rb8 f2 46.Rf8 Rc5+ 47.
Kxe6 1-0

[Event "25th Capablanca Memorial"]
[Site "Havana CUB"]
[Date "1990.??.??"]
[Round "6"]
[White "Sariego Figueredo, Wilfredo"]
[Black "Arencibia Rodriguez, Walter"]
[Result "0-1"]
[WhiteElo "2405"]
[BlackElo "2485"]
[EventDate "1990.??.??"]
[PlyCount "80"]

1.e4 e6 2.d4 d5 3.Nc3 Be7 4.Nf3 Nf6 5.Bd3 c5 6.exd5 Nxd5 7.Nxd5 Qxd5 8.
dxc5 Nd7 9.O-O O-O 10.b4 a5 11.Bg5 Bxg5 12.c4 Qc6 13.Nxg5 h6 14.b5 Qxc5 
15.Ne4 Qc7 16.Rc1 f5 17.Nc3 Nc5 18.Na4 e5 19.Nxc5 Qxc5 20.Qc2 e4 21.Be2 
Be6 22.Rfd1 Rfd8 23.Qc3 b6 24.Qe3 Rxd1+ 25.Rxd1 Rc8 26.Qxc5 Rxc5 27.Rd4 
Kf7 28.f4 exf3 29.gxf3 Ke7 30.Kf2 g5 31.h4 Rc7 32.hxg5 hxg5 33.Ke3 Rc8 34.
Kd2 Rh8 35.Ke3 Rh2 36.a3 Rh4 37.Rxh4 gxh4 38.f4 Kd6 39.Kd2 h3 40.Bf3 h2 
0-1